000
00311 a2200157 4500
001
176134
020
_a
040
_c
Magnum
100
_a
França, Mary
240
1
0
_a
A magica
_l
por
245
1
0
_a
A magica
362
0
_a
1899
440
1
_a
Ática
697
_a
MAGNITO: I/AVENTURA, CRIANCAS
942
_c
BK
999
_c
176134
_d
176134